000 00665cab a2200229 4500
001 WB2448-05
008 090401t1988 xxu||||| |||| 00| 0 eng d
035 _a(Sirsi) u35875
041 _aeng
245 _aQuota hardship
260 _c1988
350 _a0
490 _aDaily Telegraph
_v2/12/88 p2 Independent 2/12/88 p7
520 _aA report from the National Audit Office reveals that some dairy farmers are selling or leasing milk quota s to other farmers.
650 _aDAIRY FARMING
650 _aMILK MARKETING BOARD
650 _aMILK PRODUCTION
650 _aQUOTA LEASING
690 _aRURAL PRACTICE
942 _n0
948 _c04/03/1997
999 _c23451
_d23451